00278nam a2200109Ia 4500008004100000245005200041260002200093440000600115521002300121942000700144999001700151140130s9999 xx 000 0 und d cDavis, KennethaDon't know much about Dinosaurs bScholastic,c2004 v1 aGrade 7 - Grade 12 cBK c41331d41331